[Event "Tournoi Skype 031A"]
[Site "Skype"]
[Date "????.??.??"]
[Round "4.24"]
[White "Davis, Michael"]
[Black "Junqueira, Leonardo De Faria"]
[Result "1/2-1/2"]
[WhiteElo "1308"]
[BlackElo "1408"]
[PlyCount "46"]

1. e4 c5 2. Nf3 Nc6 3. d4 cxd4 4. Nxd4 Nxd4 5. Qxd4 d6 6. c4 Nf6 7. Nc3 g6 8.
Be3 Bg7 9. Qd2 O-O 10. Bd3 Be6 11. O-O a6 12. Rac1 Rc8 13. Nd5 Nxd5 14. cxd5
Bd7 15. Rxc8 Bxc8 16. Bh6 Qb6 17. Bxg7 Kxg7 18. Qc3+ Kg8 19. Rc1 Bd7 20. b3 Rc8
21. Qd2 Qd4 22. Rxc8+ Bxc8 23. Qc2 Bd7 1/2-1/2

[Event "Tournoi Skype 031A"]
[Site "Skype"]
[Date "????.??.??"]
[Round "4.25"]
[White "Grib, Johannes"]
[Black "Mishra, Sourabh"]
[Result "0-1"]
[WhiteElo "1407"]
[BlackElo "1335"]
[PlyCount "28"]

1. e4 d5 2. exd5 Qxd5 3. Nf3 Nc6 4. d4 Bg4 5. Be2 O-O-O 6. O-O Bxf3 7. Bxf3
Qxd4 8. Nd2 Ne5 9. Be2 Nf6 10. c3 Qh4 11. f3 e6 12. b4 Bd6 13. Qe1 Qh6 14. Ne4
Nxf3+ 0-1

[Event "Tournoi Skype 031A"]
[Site "Skype"]
[Date "????.??.??"]
[Round "4.26"]
[White "Sequeda Pimiento, Javier Ricardo"]
[Black "Hague, Mark"]
[Result "1-0"]
[WhiteElo "1395"]
[BlackElo "1324"]
[PlyCount "47"]

1. e4 d5 2. exd5 Qxd5 3. Nc3 Qd6 4. d4 Nf6 5. Nf3 g6 6. Bc4 e6 7. O-O Bg7 8.
Nb5 Qb6 9. Bf4 Na6 10. a4 c6 11. a5 Qd8 12. Nd6+ Ke7 13. Bxa6 bxa6 14. Qd2 Nd5
15. Bg3 h5 16. h4 Bh6 17. Qd3 Qg8 18. Qa3 Kd7 19. Ne5+ Kc7 20. Ndxf7 Bf8 21.
Nxg6+ Kb7 22. Qb3+ Nb6 23. Ngxh8 Qxh8 24. Nxh8 1-0

[Event "Tournoi Skype 031A"]
[Site "Skype"]
[Date "????.??.??"]
[Round "4.27"]
[White "Bendre, Pankaj"]
[Black "Escudero Ocana, Francisco"]
[Result "0-1"]
[WhiteElo "1182"]
[BlackElo "1393"]
[PlyCount "74"]

1. d4 Nf6 2. Nf3 d5 3. b3 Bf5 4. Bb2 e6 5. Nbd2 c5 6. c4 Nc6 7. e3 Ne4 8. Be2
cxd4 9. exd4 Bb4 10. O-O Bxd2 11. Nxd2 O-O 12. Nf3 f6 13. Nh4 Ne7 14. f3 Nd6
15. c5 Nf7 16. f4 Rc8 17. Qd2 b6 18. b4 bxc5 19. bxc5 e5 20. fxe5 fxe5 21. Nxf5
Nxf5 22. Rxf5 e4 23. Ba6 Rc6 24. Bb7 Rh6 25. Bxd5 Qh4 26. g3 Qh3 27. Bxe4 Re8
28. Bd5 Qxf5 29. Bb3 Kh8 30. Rf1 Qe4 31. Bxf7 Qe3+ 32. Qxe3 Rxe3 33. Bc4 Rf6
34. c6 Rxf1+ 35. Kxf1 Re8 36. d5 Kg8 37. d6+ Kf8 0-1

[Event "Tournoi Skype 031A"]
[Site "Skype"]
[Date "????.??.??"]
[Round "4.28"]
[White "Zenini, Simone"]
[Black "Ramirez Reina, Orlando"]
[Result "0-1"]
[WhiteElo "1392"]
[BlackElo "1302"]
[PlyCount "52"]

1. d4 Nf6 2. c4 e5 3. dxe5 Ng4 4. Nf3 Nc6 5. Bf4 Bb4+ 6. Nbd2 Qe7 7. e3 Ngxe5
8. Nxe5 Nxe5 9. a3 Bxd2+ 10. Qxd2 d6 11. Be2 Be6 12. b3 f6 13. Qb4 c6 14. O-O
O-O 15. Rfd1 Rfd8 16. Rac1 c5 17. Qc3 Rac8 18. Bxe5 dxe5 19. Rxd8+ Rxd8 20. Rd1
Rxd1+ 21. Bxd1 Qd7 22. Be2 b6 23. Qd3 Kf7 24. Bf3 g6 25. Bd5 Ke7 26. Bxe6 Qxd3
0-1

[Event "Tournoi Skype 031A"]
[Site "Skype"]
[Date "????.??.??"]
[Round "4.29"]
[White "Trivedi, Viral"]
[Black "Galani, Mahendra"]
[Result "1-0"]
[WhiteElo "1202"]
[BlackElo "1375"]
[PlyCount "115"]

1. d4 d5 2. Bf4 Nf6 3. e3 c6 4. c3 Nbd7 5. Bd3 c5 6. Nd2 c4 7. Bc2 Nb6 8. Ngf3
Bg4 9. Qb1 g6 10. Ne5 Be6 11. Ndf3 Nfd7 12. Ng5 Nxe5 13. Bxe5 Rg8 14. Nxh7 Bg7
15. Bxg7 Rxg7 16. Ng5 Qd7 17. a4 Bf5 18. e4 dxe4 19. Bxe4 Nxa4 20. Qc2 Nb6 21.
Qe2 f6 22. Bxf5 gxf5 23. Ne6 Rg4 24. f3 Rg8 25. Nc5 Qc6 26. O-O-O a5 27. f4 Rh8
28. Rde1 Rh7 29. Qe6 Qxe6 30. Rxe6 O-O-O 31. Rxb6 e5 32. Rxf6 exd4 33. cxd4
Rxd4 34. Rf8+ Rd8 35. Rxd8+ Kxd8 36. Ne6+ Kc8 37. Rd1 b5 38. h3 Re7 39. Nd4 b4
40. Nxf5 Rc7 41. Rd4 c3 42. bxc3 Rxc3+ 43. Kb2 Rc6 44. Nd6+ Kc7 45. Nc4 a4 46.
g4 Rh6 47. Rd3 Re6 48. f5 Re2+ 49. Rd2 Re4 50. Rc2 Kb8 51. f6 Rf4 52. g5 Rf3
53. Nd6 Rb3+ 54. Ka1 Rxh3 55. f7 Rh1+ 56. Kb2 Rf1 57. Rc8+ Ka7 58. f8=Q 1-0

[Event "Tournoi Skype 031A"]
[Site "Skype"]
[Date "????.??.??"]
[Round "4.30"]
[White "Khunte, Aniruddha"]
[Black "Lago Carballo, Maria Del Carmen"]
[Result "1/2-1/2"]
[WhiteElo "1174"]
[BlackElo "1364"]
[PlyCount "43"]

1. e4 d5 2. exd5 Qxd5 3. Nc3 Qd8 4. d4 Nf6 5. Nf3 Bf5 6. Bd3 Bxd3 7. Qxd3 c6 8.
Bf4 e6 9. O-O h6 10. Rad1 Be7 11. Rfe1 O-O 12. Ne4 Nbd7 13. c4 Nxe4 14. Qxe4
Nf6 15. Qd3 c5 16. d5 exd5 17. cxd5 Bd6 18. Bxd6 Qxd6 19. h3 Rae8 20. Rxe8 Rxe8
21. Re1 Rxe1+ 22. Nxe1 1/2-1/2

[Event "Tournoi Skype 031A"]
[Site "Skype"]
[Date "????.??.??"]
[Round "4.31"]
[White "Pouteau, Pascal"]
[Black "Pasasin, Alejandro"]
[Result "1-0"]
[WhiteElo "1349"]
[BlackElo "1298"]
[PlyCount "109"]

1. d4 Nf6 2. c4 e6 3. Nc3 d5 4. Nf3 Bd6 5. c5 Be7 6. Ne5 c6 7. Bg5 Nbd7 8. Nf3
h6 9. Bf4 Nf8 10. Qc2 Ng6 11. Bd2 Bd7 12. h4 b5 13. h5 Nf8 14. Ne5 a5 15. e3 b4
16. Na4 Qc7 17. Nb6 Ra7 18. Bd3 Bc8 19. Qa4 Bb7 20. Bxb4 N8d7 21. Nbxd7 Nxd7
22. Nxd7 Kxd7 23. Bd2 Rb8 24. Qc2 Ba6 25. Bxa6 Rxa6 26. Qd3 Qa7 27. Rb1 a4 28.
Ke2 Qb7 29. a3 Qb3 30. Qxa6 Bd8 31. Rhc1 Qb5+ 32. Qxb5 Rxb5 33. Bb4 Bf6 34. f4
g5 35. Rf1 Ke8 36. g4 Rb7 37. Kd3 gxf4 38. Rxf4 Bg5 39. Rf3 Re7 40. b3 axb3 41.
Rxb3 e5 42. Rf5 e4+ 43. Ke2 f6 44. a4 Ra7 45. a5 Ra6 46. Be1 Ra8 47. Rb6 Kd7
48. a6 Ra7 49. Bg3 Ra8 50. Rf1 Rc8 51. Rb7+ Kd8 52. Be5 Ke8 53. Bxf6 Bxf6 54.
Rxf6 Rd8 55. Rxh6 1-0

[Event "Tournoi Skype 031A"]
[Site "Skype"]
[Date "????.??.??"]
[Round "4.32"]
[White "Kumbhar, Ashok"]
[Black "Abdulrazzaq, Mohsen"]
[Result "1-0"]
[WhiteElo "1100"]
[BlackElo "1346"]
[PlyCount "105"]

1. e4 c5 2. Nf3 Nc6 3. d4 cxd4 4. Nxd4 e6 5. Nc3 d5 6. exd5 exd5 7. Bd3 Nf6 8.
Nf3 Bc5 9. O-O O-O 10. Bg5 h6 11. Bh4 Bg4 12. Be2 Re8 13. Re1 a6 14. Nxd5 Nxd5
15. Bxd8 Raxd8 16. h3 Bh5 17. Bd3 Rxe1+ 18. Qxe1 Bxf3 19. gxf3 Nd4 20. Qe4 f5
21. Qxd5+ Rxd5 22. Bc4 Nxf3+ 23. Kh1 Nd4 24. Bxd5+ Kf8 25. Bxb7 a5 26. a3 Ke7
27. Rd1 Ba7 28. c3 Nb5 29. Bc8 Nd6 30. Re1+ Kd8 31. Be6 Bxf2 32. Rf1 Ne4 33.
Kg2 Bh4 34. Rxf5 Nd6 35. Rxa5 Bg5 36. c4 Ke7 37. Bg4 Nxc4 38. Ra7+ Kf6 39. Ra6+
Ke5 40. b4 Bc1 41. a4 Ba3 42. b5 Bc5 43. Rc6 Kd4 44. Be6 Ne3+ 45. Kf3 Nd5 46.
Bxd5 Kxd5 47. a5 Bd4 48. Ra6 Kc5 49. b6 Kc6 50. Ra7 g6 51. Ke4 Bc5 52. Rc7+ Kb5
53. Rxc5+ 1-0

[Event "Tournoi Skype 031A"]
[Site "Skype"]
[Date "????.??.??"]
[Round "4.33"]
[White "Gharbi, Said"]
[Black "Lucena Vaz, Jose"]
[Result "0-1"]
[WhiteElo "1252"]
[BlackElo "1674"]
[PlyCount "66"]

1. e4 c5 2. c3 d5 3. e5 d4 4. Bc4 Nc6 5. Nf3 Bg4 6. h3 Nxe5 7. Be2 Nxf3+ 8.
Bxf3 Bxf3 9. Qxf3 Qc7 10. d3 Nf6 11. Bf4 Qb6 12. b3 e6 13. c4 Bd6 14. Bg5 Qb4+
15. Nd2 Be5 16. O-O-O a5 17. a4 O-O 18. Rhe1 Nd7 19. Ne4 Qxb3 20. Be7 Rfe8 21.
Bxc5 Nxc5 22. Nxc5 Qa3+ 23. Kc2 Qxc5 24. Qxb7 Rab8 25. Qe4 Bf6 26. Rb1 Rb4 27.
Ra1 Reb8 28. Reb1 Be7 29. f4 g6 30. g4 Kg7 31. g5 Rxb1 32. Rxb1 Rxb1 33. Kxb1
Qb4+ 0-1

[Event "Tournoi Skype 031A"]
[Site "Skype"]
[Date "????.??.??"]
[Round "4.34"]
[White "Lopes, Marcia Maria"]
[Black "Sharma, Mayank"]
[Result "0-1"]
[WhiteElo "1297"]
[BlackElo "1509"]
[PlyCount "100"]

1. d4 Nf6 2. Nf3 d5 3. Bf4 c5 4. e3 e6 5. c3 Bd6 6. Bg3 O-O 7. Bd3 b6 8. Nbd2
Nh5 9. Bxd6 Qxd6 10. Bxh7+ Kxh7 11. Ng5+ Kh6 12. Qg4 e5 13. Qh4 f5 14. h3 f4
15. g4 fxg3 16. fxg3 exd4 17. g4 Qg3+ 18. Qxg3 Nxg3 19. Rg1 Kxg5 20. Rxg3 dxc3
21. bxc3 Nc6 22. Nf3+ Kf6 23. g5+ Ke7 24. h4 Bf5 25. h5 Be4 26. Ke2 Bxf3+ 27.
Rxf3 Ne5 28. Rf4 Rf7 29. Raf1 Raf8 30. Rxf7+ Rxf7 31. Rf4 Ke6 32. g6 Rxf4 33.
exf4 Ng4 34. Kf3 Nh6 35. a3 Kf5 36. a4 Ng4 37. Kg3 d4 38. cxd4 cxd4 39. Kf3 d3
40. h6 Nxh6 41. Ke3 d2 42. Kxd2 Kxf4 43. Kc3 Ke4 44. Kb4 Kd5 45. Kb5 Nf5 46.
Ka6 Ne7 47. Kxa7 Kc5 48. Ka6 Nxg6 49. Ka7 Ne5 50. Kb7 g5 0-1

[Event "Tournoi Skype 031A"]
[Site "Skype"]
[Date "????.??.??"]
[Round "4.35"]
[White "Perrone, Gabriel Lorenzo"]
[Black "Sauvaget, Joel"]
[Result "1-0"]
[WhiteElo "1382"]
[BlackElo "1255"]
[PlyCount "43"]

1. d4 d5 2. c4 e6 3. Nf3 Nf6 4. Bg5 Be7 5. Nc3 c6 6. e3 Nbd7 7. cxd5 exd5 8.
Be2 O-O 9. O-O Nb6 10. Qc2 Nbd7 11. a3 h6 12. Bf4 Nh7 13. e4 dxe4 14. Nxe4 Ndf6
15. Nc3 Bg4 16. Rad1 Qc8 17. Rfe1 Re8 18. Nd2 Nd5 19. Nxd5 cxd5 20. Qxc8 Raxc8
21. Bxg4 Rc4 22. Nxc4 1-0

[Event "Tournoi Skype 031A"]
[Site "Skype"]
[Date "????.??.??"]
[Round "4.36"]
[White "Vaswani, Manohar"]
[Black "Kruk, Clementine"]
[Result "0-1"]
[WhiteElo "1238"]
[BlackElo "1324"]
[PlyCount "68"]

1. e4 e5 2. Nf3 Nc6 3. Bc4 Bc5 4. d3 d6 5. Nc3 Nf6 6. h3 Be6 7. Bb3 h6 8. Be3
Bb6 9. Qd2 O-O 10. Bxh6 gxh6 11. Qxh6 Nd4 12. Nxd4 Bxd4 13. O-O-O Bxb3 14. axb3
Nh7 15. g4 Bxf2 16. Rhf1 Bg3 17. Nd5 c6 18. Nf6+ Nxf6 19. Rxf6 Bf4+ 20. Rxf4
exf4 21. Qxf4 Qe7 22. Rf1 Rad8 23. h4 Qxh4 24. Qf5 Qh6+ 25. g5 Qg6 26. Qf6 Qxf6
27. gxf6 Kh7 28. Kd2 Rg8 29. Ke3 Rg5 30. Kf4 Rdg8 31. Rh1+ Kg6 32. e5 dxe5+ 33.
Ke4 Kxf6 34. Rh6+ R8g6 0-1

[Event "Tournoi Skype 031A"]
[Site "Skype"]
[Date "????.??.??"]
[Round "5.1"]
[White "Rico Hernandez, Edgar"]
[Black "Calcino, Luis"]
[Result "1-0"]
[WhiteElo "1701"]
[BlackElo "1680"]
[PlyCount "109"]

1. d4 d5 2. c4 e5 3. dxe5 d4 4. Nf3 Nc6 5. g3 Bg4 6. Bg2 Qe7 7. Qa4 O-O-O 8.
O-O Kb8 9. Bg5 f6 10. exf6 gxf6 11. Bf4 Qxe2 12. Nbd2 Bh6 13. Bxh6 Nxh6 14. Qb3
Na5 15. Qb4 Nc6 16. Qb3 Qe6 17. Rfe1 Qc8 18. Ne4 d3 19. Qc3 Qf5 20. Nh4 Qc8 21.
f3 Bh3 22. Qxf6 Bxg2 23. Kxg2 Ng4 24. fxg4 Qxg4 25. Qf3 Qg7 26. Qf6 Qg4 27. h3
Qc8 28. Nf3 Nb4 29. Qc3 Nc2 30. Rad1 Nxe1+ 31. Rxe1 Rhf8 32. Re3 Qf5 33. Qe1
Rfe8 34. Ned2 Rxe3 35. Qxe3 Kc8 36. Nd4 Qd7 37. N4f3 b6 38. Qe4 c6 39. Ne5 Re8
40. Nxd7 Rxe4 41. Nxe4 Kxd7 42. Kf3 h6 43. Ke3 Ke6 44. Kxd3 Ke5 45. Ke3 a6 46.
Nf2 h5 47. Nd3+ Kd6 48. Nf4 b5 49. cxb5 axb5 50. Nxh5 c5 51. Nf4 Ke5 52. g4 c4
53. a3 Kf6 54. Ne2 Kg5 55. Nc3 1-0

[Event "Tournoi Skype 031A"]
[Site "Skype"]
[Date "????.??.??"]
[Round "5.2"]
[White "Chavero, Victor"]
[Black "Vasquez, Georges"]
[Result "0-1"]
[WhiteElo "1281"]
[BlackElo "1796"]
[PlyCount "58"]

1. d4 Nf6 2. Nf3 g6 3. c4 Bg7 4. Nc3 O-O 5. e4 d6 6. Bg5 h6 7. Be3 e5 8. d5 a5
9. Be2 Na6 10. Qd2 Ng4 11. h3 Nxe3 12. Qxe3 f5 13. exf5 gxf5 14. Nh2 Nc5 15. f3
Bd7 16. g4 e4 17. f4 Qh4+ 18. Qf2 Qxf2+ 19. Kxf2 fxg4 20. Ke3 g3 21. Ng4 h5 22.
Nxe4 Nxe4 23. Kxe4 Rae8+ 24. Ne5 dxe5 25. f5 Bxf5+ 26. Kf3 h4 27. Rae1 Bh6 28.
Kg2 Be4+ 29. Bf3 Bxf3+ 0-1

[Event "Tournoi Skype 031A"]
[Site "Skype"]
[Date "????.??.??"]
[Round "5.3"]
[White "Lopez, Jose Luis"]
[Black "Grosso, Raul"]
[Result "1-0"]
[WhiteElo "1651"]
[BlackElo "1746"]
[PlyCount "57"]

1. e4 g6 2. d4 Bg7 3. Nc3 d6 4. f4 e6 5. Nf3 Ne7 6. Bd3 Nd7 7. O-O b6 8. Qe1
Bb7 9. f5 exf5 10. exf5 Bxf3 11. Rxf3 Bxd4+ 12. Be3 Bxe3+ 13. Rxe3 Ne5 14. f6
Ng8 15. Bb5+ Kf8 16. Rd1 Qxf6 17. Nd5 Qg5 18. Nxc7 Rc8 19. Rxd6 Rxc7 20. Rxe5
Qf4 21. g3 Qf3 22. Re8+ Kg7 23. Qe5+ Kh6 24. Rd3 Qb7 25. Rc3 Rxc3 26. Qxc3 f6
27. Bc4 Qg7 28. Qb3 Ne7 29. Qe3+ 1-0

[Event "Tournoi Skype 031A"]
[Site "Skype"]
[Date "????.??.??"]
[Round "5.4"]
[White "Segura Lozano, Marcos Antonio"]
[Black "Elias, Roberto"]
[Result "0-1"]
[WhiteElo "1804"]
[BlackElo "1671"]
[PlyCount "56"]

1. e4 e5 2. Nf3 Nf6 3. Nc3 Nc6 4. Bb5 a6 5. Ba4 Bb4 6. O-O O-O 7. Bb3 d6 8. h3
Bxc3 9. dxc3 Nxe4 10. Re1 Nc5 11. Bg5 Qe8 12. Bc4 Be6 13. Bf1 h6 14. Be3 Nd7
15. Qd2 Kh7 16. Kh2 f5 17. Ng5+ hxg5 18. Bxg5 Qg6 19. h4 Nf6 20. Re3 Ng4+ 21.
Kh1 Nxe3 22. Qxe3 f4 23. Qd2 d5 24. Re1 Rf5 25. Bd3 e4 26. Be2 Rxg5 27. hxg5
Qxg5 28. g3 Rh8 0-1

[Event "Tournoi Skype 031A"]
[Site "Skype"]
[Date "????.??.??"]
[Round "5.5"]
[White "Calderon, Francisco"]
[Black "Hahnewald, Uwe"]
[Result "0-1"]
[WhiteElo "1604"]
[BlackElo "1806"]
[PlyCount "62"]

1. e4 c6 2. Bc4 d5 3. exd5 cxd5 4. Bb3 Nf6 5. d4 Nc6 6. c3 Bg4 7. Qd3 e6 8. h3
Bf5 9. Qe2 Qc7 10. Be3 Bd6 11. Nd2 O-O 12. g4 Bg6 13. h4 h5 14. f3 Rfe8 15. g5
Nd7 16. Kf1 e5 17. Qf2 exd4 18. Bxd4 Nxd4 19. Qxd4 Bc5 20. Qxd5 Nb6 21. Qxc5
Bd3+ 22. Kg2 Qxc5 23. Rh3 Nd5 24. Rg3 Nf4+ 25. Kh1 Qf2 26. Ne4 Bxe4 27. Bxf7+
Kxf7 28. g6+ Kg8 29. Rg5 Bxf3+ 30. Nxf3 Qxf3+ 31. Kg1 Nh3+ 0-1

[Event "Tournoi Skype 031A"]
[Site "Skype"]
[Date "????.??.??"]
[Round "5.6"]
[White "Deville, Olivier"]
[Black "Thavorath, Nirandas"]
[Result "0-1"]
[WhiteElo "1751"]
[BlackElo "1335"]
[PlyCount "68"]

1. Nf3 d5 2. e3 Nc6 3. d4 Bg4 4. Be2 Nf6 5. c4 dxc4 6. Qa4 e6 7. Qxc4 Bb4+ 8.
Bd2 Bd6 9. h3 Bh5 10. O-O O-O 11. Nc3 e5 12. d5 Ne7 13. e4 c6 14. Bg5 cxd5 15.
Nxd5 Rc8 16. Nxe7+ Bxe7 17. Qd3 Qb6 18. Nxe5 Qxb2 19. Bxh5 Qxe5 20. Bxf6 Bxf6
21. Bg4 Rc3 22. Qd5 Qc7 23. Rab1 b6 24. Rfd1 Rd8 25. Qb5 Rc5 26. Rxd8+ Qxd8 27.
Qa4 h5 28. Rd1 Qc7 29. Qe8+ Kh7 30. Be2 Re5 31. Qd7 Qc2 32. Qd2 Qa4 33. Bd3 g6
34. Qf4 Qxd1+ 0-1

[Event "Tournoi Skype 031A"]
[Site "Skype"]
[Date "????.??.??"]
[Round "5.8"]
[White "Saponara, Jose Maria"]
[Black "Caputi, Giuliano"]
[Result "0-1"]
[WhiteElo "1516"]
[BlackElo "1638"]
[PlyCount "68"]

1. e4 e6 2. c4 d5 3. cxd5 exd5 4. exd5 Nf6 5. Nc3 Nxd5 6. Nf3 Be7 7. Bc4 Be6 8.
Qb3 Nb4 9. Bxe6 Nd3+ 10. Ke2 Nf4+ 11. Kd1 Nxe6 12. Qxb7 Nd7 13. Qd5 O-O 14. d3
c6 15. Qxc6 Ndc5 16. Qd5 Qb6 17. d4 Rad8 18. Qc4 Nxd4 19. Nxd4 Ne6 20. Nd5 Rxd5
21. Qxd5 Rd8 22. Qe5 Bf6 23. Qe3 Bxd4 24. Qb3 Bxb2+ 25. Ke1 Qa5+ 26. Kf1 Bxa1
27. g3 Nd4 28. Qa3 Qb5+ 29. Kg2 Qc6+ 30. f3 Re8 31. Rf1 Re2+ 32. Rf2 Rxf2+ 33.
Kxf2 Qc2+ 34. Kg1 Ne2+ 0-1

[Event "Tournoi Skype 031A"]
[Site "Skype"]
[Date "????.??.??"]
[Round "5.9"]
[White "Gokcek, Cagri"]
[Black "Garcia Andrinal, Antonio"]
[Result "0-1"]
[WhiteElo "1434"]
[BlackElo "1632"]
[PlyCount "46"]

1. e4 c5 2. Nf3 d6 3. d4 cxd4 4. Nxd4 Nf6 5. Nc3 g6 6. Be3 Bg7 7. Bc4 Nc6 8.
Qd2 O-O 9. f3 Bd7 10. O-O-O Rc8 11. Bb3 Nxd4 12. Bxd4 b5 13. Bxa7 b4 14. Na4
Bxa4 15. Bxa4 Qa5 16. Bb3 Qxa7 17. Qxb4 Rb8 18. Qc4 Nd7 19. f4 Nc5 20. Kb1 Nxb3
21. cxb3 Rfc8 22. Qd5 Rc5 23. Qd3 Ra5 0-1

[Event "Tournoi Skype 031A"]
[Site "Skype"]
[Date "????.??.??"]
[Round "5.10"]
[White "Khabou, Taha"]
[Black "Casey, Eamonn"]
[Result "1-0"]
[WhiteElo "1358"]
[BlackElo "1538"]
[PlyCount "113"]

1. d4 Nf6 2. Bf4 e6 3. e3 d5 4. Nf3 Nbd7 5. Bd3 Be7 6. c3 O-O 7. Nbd2 c5 8. a4
a5 9. O-O h6 10. h3 b6 11. Re1 Bb7 12. Bc2 Rc8 13. Qe2 Re8 14. Ne5 c4 15. e4
Nxe5 16. Bxe5 Nd7 17. Bh2 dxe4 18. Bxe4 Bxe4 19. Qxe4 Nf6 20. Qe2 Bd6 21. Bxd6
Qxd6 22. Nxc4 Qc7 23. Ne5 Nd5 24. Qf3 Re7 25. Re4 Nf6 26. Rh4 Kh7 27. Ng4 Nxg4
28. Rxg4 Rf8 29. Qg3 Qxg3 30. Rxg3 Rd8 31. Re3 Rd5 32. Rae1 Kg6 33. Re5 Kf6 34.
Rxd5 exd5 35. Rxe7 Kxe7 36. Kf1 Ke6 37. Ke2 Kf5 38. Kf3 h5 39. g4+ hxg4+ 40.
hxg4+ Kg5 41. Kg3 g6 42. f4+ Kf6 43. Kf2 Ke6 44. Kf3 f6 45. Ke3 Kd6 46. f5 g5
47. Kd3 Kc6 48. c4 Kd6 49. Kc3 Kc6 50. b4 dxc4 51. Kxc4 axb4 52. Kxb4 Kd5 53.
Kc3 Ke4 54. Kc4 Kf4 55. d5 Ke5 56. Kb5 Kxd5 57. Kxb6 1-0

[Event "Tournoi Skype 031A"]
[Site "Skype"]
[Date "????.??.??"]
[Round "5.11"]
[White "Vello, Pablo"]
[Black "Lovell, Stan"]
[Result "0-1"]
[WhiteElo "1190"]
[BlackElo "1518"]
[PlyCount "76"]

1. d4 Nf6 2. Nc3 d5 3. Bf4 c6 4. e3 Bf5 5. f3 h6 6. g4 Bh7 7. h4 e6 8. Bd3 Bd6
9. Nge2 Qc7 10. Bxd6 Qxd6 11. Nf4 e5 12. dxe5 Qxe5 13. Qe2 Bxd3 14. Qxd3 Na6
15. O-O-O O-O-O 16. Qd4 Rhe8 17. Rhe1 Kb8 18. g5 hxg5 19. hxg5 Nd7 20. g6 f6
21. Nd3 Qg5 22. Qf4+ Qxf4 23. exf4 Nac5 24. Nf2 Kc8 25. Rxe8 Rxe8 26. Kd2 Ne6
27. Re1 Kd8 28. Nh3 Ndc5 29. Ne2 Rh8 30. f5 Rxh3 31. fxe6 Nxe6 32. Ng3 Rxg3 33.
Rxe6 Rxg6 34. Re3 Kd7 35. Ra3 a6 36. Rb3 Kc7 37. a4 Rg2+ 38. Kd3 Rf2 0-1

[Event "Tournoi Skype 031A"]
[Site "Skype"]
[Date "????.??.??"]
[Round "5.12"]
[White "Bagayatkar, Madan"]
[Black "Ram, Madhukesh"]
[Result "1/2-1/2"]
[WhiteElo "1434"]
[BlackElo "1299"]
[PlyCount "66"]

1. e4 c5 2. Nf3 d6 3. d4 cxd4 4. Nxd4 Nc6 5. Nc3 Nf6 6. Be3 g6 7. Be2 Bg7 8.
O-O O-O 9. Qd2 a6 10. Rad1 Qc7 11. Nb3 b5 12. Kh1 Bb7 13. f4 Rac8 14. Bf3 Na5
15. Nxa5 Qxa5 16. e5 Bxf3 17. Rxf3 dxe5 18. fxe5 Ng4 19. Nd5 Qd8 20. Nb6 Rb8
21. Nd7 Nxe5 22. Nxe5 Qxd2 23. Rxd2 Bxe5 24. c3 Rbd8 25. Bd4 Bxd4 26. Rxd4 Kg7
27. Kg1 Rxd4 28. cxd4 Rd8 29. Rd3 Kf6 30. Kf2 Rc8 31. Rf3+ Kg7 32. Rc3 Rxc3 33.
bxc3 Kf6 1/2-1/2

[Event "Tournoi Skype 031A"]
[Site "Skype"]
[Date "????.??.??"]
[Round "5.14"]
[White "Sanchez Ruiz, Justo"]
[Black "Pouteau, Pascal"]
[Result "1-0"]
[WhiteElo "1519"]
[BlackElo "1349"]
[PlyCount "39"]

1. e4 d6 2. d4 e5 3. Nf3 Bg4 4. dxe5 dxe5 5. Qxd8+ Kxd8 6. Nxe5 Be6 7. Bd3 Bd6
8. Nf3 Nc6 9. O-O Nf6 10. Bg5 Ke7 11. Nc3 Nb4 12. e5 Nxd3 13. exd6+ cxd6 14.
cxd3 h6 15. Bh4 g5 16. Bg3 Nh5 17. Nd4 Bd7 18. Rfe1+ Kf6 19. Bxd6 Rad8 20. Be5+
1-0

[Event "Tournoi Skype 031A"]
[Site "Skype"]
[Date "????.??.??"]
[Round "5.15"]
[White "Khetre, Gaurav"]
[Black "Yeter, Orhan"]
[Result "1/2-1/2"]
[WhiteElo "1502"]
[BlackElo "1297"]
[PlyCount "30"]

1. e4 e5 2. Nf3 Nc6 3. Bb5 Nf6 4. O-O Nxe4 5. Re1 Nd6 6. Nxe5 Nxe5 7. Rxe5+ Be7
8. Ba4 O-O 9. c3 Re8 10. Qe1 Bf6 11. Rxe8+ Qxe8 12. Qxe8+ Nxe8 13. d4 a6 14.
Bf4 b5 15. Bb3 Bb7 1/2-1/2

[Event "Tournoi Skype 031A"]
[Site "Skype"]
[Date "????.??.??"]
[Round "5.16"]
[White "Gadow, Martin"]
[Black "Alvarez, Juan Evangelista"]
[Result "0-1"]
[WhiteElo "1342"]
[BlackElo "1474"]
[PlyCount "68"]

1. d4 f5 2. Bf4 Nf6 3. Nd2 d5 4. e3 e6 5. Ngf3 Bd6 6. Ne5 O-O 7. Be2 Nbd7 8.
O-O Ne4 9. f3 Nxd2 10. Qxd2 g5 11. Bg3 Nf6 12. c4 c5 13. Bf2 g4 14. Bh4 Be7 15.
fxg4 Ne4 16. Bxe7 Nxd2 17. Bxd8 Nxf1 18. Rxf1 Rxd8 19. dxc5 dxc4 20. Bxc4 fxg4
21. Nxg4 Rd2 22. Nf6+ Kh8 23. Ne8 h5 24. Nc7 Rb8 25. Bxe6 Bxe6 26. Nxe6 Rxb2
27. Rf5 Rxa2 28. Rxh5+ Kg8 29. Rd5 Re8 30. Rd8 Rxd8 31. Nxd8 Rb2 32. Kf1 a5 33.
Ne6 a4 34. Nd4 a3 0-1

[Event "Tournoi Skype 031A"]
[Site "Skype"]
[Date "????.??.??"]
[Round "5.17"]
[White "Mishra, Sourabh"]
[Black "Karia, Vijay"]
[Result "0-1"]
[WhiteElo "1335"]
[BlackElo "1447"]
[PlyCount "74"]

1. d4 d5 2. Nf3 Nf6 3. e3 c6 4. Bd3 Bg4 5. Nbd2 e6 6. h3 Bh5 7. O-O Bd6 8. c4
O-O 9. b3 Re8 10. Bb2 Nbd7 11. Rc1 e5 12. dxe5 Nxe5 13. Be2 dxc4 14. Nxe5 Bxe2
15. Qxe2 Bxe5 16. Bxe5 Rxe5 17. Nxc4 Re7 18. Rfd1 Rd7 19. Ne5 Rxd1+ 20. Rxd1
Qc7 21. f4 Nd5 22. Kf2 Nc3 23. Rd7 Qxd7 24. Nxd7 Nxe2 25. Kxe2 h6 26. e4 Rd8
27. Ne5 Rd4 28. Ke3 Rd1 29. f5 Ra1 30. a4 Ra3 31. f6 Rxb3+ 32. Kf4 Ra3 33. fxg7
Kxg7 34. Kf5 Rxa4 35. g4 Ra1 36. Nd3 Rf1+ 37. Nf4 a5 0-1

[Event "Tournoi Skype 031A"]
[Site "Skype"]
[Date "????.??.??"]
[Round "5.18"]
[White "Engstrom, Olle"]
[Black "Graham, Neil"]
[Result "0-1"]
[WhiteElo "1430"]
[BlackElo "1285"]
[PlyCount "50"]

1. e4 e5 2. Nf3 Nf6 3. d4 exd4 4. e5 Ng4 5. Qxd4 d6 6. Bc4 Nc6 7. Qe4 Ngxe5 8.
Nxe5 dxe5 9. Be3 Bb4+ 10. c3 Bd6 11. Nd2 Qe7 12. O-O-O Be6 13. Bxe6 Qxe6 14.
Kb1 O-O-O 15. Qc4 Qg6+ 16. Qe4 f5 17. Qf3 f4+ 18. Qe4 Qxe4+ 19. Nxe4 fxe3 20.
fxe3 Rhf8 21. Kc2 h6 22. h4 Ne7 23. h5 Ng8 24. Rh3 Nf6 25. Ng3 Ng4 0-1

[Event "Tournoi Skype 031A"]
[Site "Skype"]
[Date "????.??.??"]
[Round "5.19"]
[White "Ramirez Reina, Orlando"]
[Black "Quispe, Alberto"]
[Result "0-1"]
[WhiteElo "1302"]
[BlackElo "1414"]
[PlyCount "130"]

1. e4 c5 2. Nf3 Nc6 3. Nc3 a6 4. a3 b5 5. d4 cxd4 6. Nxd4 Bb7 7. Nxc6 Bxc6 8.
Be3 e5 9. Nd5 h6 10. Bb6 Qb8 11. Ba5 Bxd5 12. Qxd5 Nf6 13. Qd3 Bc5 14. h3 Qb7
15. f3 O-O 16. O-O-O Rfc8 17. Kb1 Rc6 18. g4 Rac8 19. c3 Rd6 20. Qe2 Rxd1+ 21.
Qxd1 d5 22. exd5 Nxd5 23. Qe1 Ne3 24. Qg3 Qd5 25. Bg2 Qd3+ 26. Ka1 Nc2+ 27. Ka2
Qd5+ 28. b3 Nxa3 29. Qe1 Nc2 30. Qd1 Qxd1 31. Rxd1 Ne3 32. Rd2 Nxg2 33. Rxg2
Re8 34. b4 Be3 35. Re2 Bf4 36. Kb3 Re7 37. c4 bxc4+ 38. Kxc4 Rd7 39. b5 axb5+
40. Kxb5 Rd3 41. Rf2 f6 42. Kc4 Rd1 43. h4 h5 44. gxh5 Rh1 45. Bd2 Rxh4 46.
Bxf4 Rxf4+ 47. Kd3 Rh4 48. Ke3 Rxh5 49. f4 exf4+ 50. Rxf4 Kf7 51. Ra4 g5 52.
Ra7+ Kg6 53. Kf3 Rh7 54. Ra8 f5 55. Ra6+ Kh5 56. Rf6 f4 57. Kg2 Kg4 58. Ra6 f3+
59. Kg1 Kg3 60. Ra2 g4 61. Rb2 Re7 62. Kf1 Rh7 63. Kg1 Rd7 64. Rf2 Kf4 65. Ra2
Rd1+ 0-1